000 00352 a2200169 4500
001 176269
020 _a85-322-1745-1
040 _cMagnum
100 _aMachado, Ana Maria
240 1 0 _aCachinhos de ouro
_lpor
245 1 0 _aCachinhos de ouro
300 _a24
362 0 _a1996
440 1 _aFTD
697 _aLITERATURA INFANTIL
942 _cBK
999 _c176269
_d176269